Immunology & serology in laboratory medicine/ (Record no. 120790)

MARC details
000 -LEADER
fixed length control field 00946nam a2200277 a 4500
003 - CONTROL NUMBER IDENTIFIER
control field OSt
005 - DATE AND TIME OF LATEST TRANSACTION
control field 20251001083245.0
008 - FIXED-LENGTH DATA ELEMENTS--GENERAL INFORMATION
fixed length control field
020 ## - INTERNATIONAL STANDARD BOOK NUMBER
International Standard Book Number 9780323431477 (Paperback)
040 ## - CATALOGING SOURCE
Original cataloging agency NUST
Transcribing agency NUST
Language of cataloging eng
Modifying agency NUST
Description conventions NUST
050 ## - LIBRARY OF CONGRESS CALL NUMBER
Classification number RB46.5 TUR
100 1# - MAIN ENTRY--PERSONAL NAME
Personal name Turgeon, Mary Louise.,
-- author.
245 10 - TITLE STATEMENT
Title Immunology & serology in laboratory medicine/
Statement of responsibility, etc. Mary Louise Turgeon.
250 ## - EDITION STATEMENT
Edition statement Sixth edition.
260 ## - PUBLICATION, DISTRIBUTION, ETC.
Place of publication, distribution, etc. St. Louis, Missouri :
Name of publisher, distributor, etc. Elsevier,
Date of publication, distribution, etc. ©2018.
300 ## - PHYSICAL DESCRIPTION
Extent x, 589 pages :
Other physical details illustrations (chiefly colour) ;
Dimensions 28 cm.
336 ## - CONTENT TYPE
Content type term text
Content type code txt
Source rdacontent
337 ## - MEDIA TYPE
Media type term unmediated
Media type code n
Source rdamedia
338 ## - CARRIER TYPE
Carrier type term volume
Carrier type code nc
Source rdacarrier
504 ## - BIBLIOGRAPHY, ETC. NOTE
Bibliography, etc. note Includes bibliographical references and index
650 #1 - SUBJECT ADDED ENTRY--TOPICAL TERM
Topical term or geographic name entry element Serodiagnosis.
650 ## - SUBJECT ADDED ENTRY--TOPICAL TERM
Topical term or geographic name entry element Immunodiagnosis.
650 ## - SUBJECT ADDED ENTRY--TOPICAL TERM
Topical term or geographic name entry element Serology.
650 ## - SUBJECT ADDED ENTRY--TOPICAL TERM
Topical term or geographic name entry element Immunology.
942 ## - ADDED ENTRY ELEMENTS (KOHA)
Koha item type Ordinary Loan Books
Call number prefix RB46.5
Call number suffix TUR
Source of classification or shelving scheme Library of Congress Classification
Edition Sixth edition
Classification part RB46.5 TUR
Suppress in OPAC No
Holdings
Withdrawn status Lost status Source of classification or shelving scheme Damaged status Not for loan Collection Home library Current library Shelving location Date acquired Source of acquisition Cost, normal purchase price Total Checkouts Full call number Barcode Date last seen Accession number Cost, replacement price Price effective from Koha item type Public note
    LCC     NFIC MEDICAL MEDICAL GEN 01/20/2023 Book Aid International 80.00   RB46.5 TUR 92004048538 01/20/2023   80.00 01/20/2023 BOOKS Donation
    LCC     NFIC MEDICAL MEDICAL GEN 01/20/2023 Book Aid International 80.00   RB46.5 TUR 92004048969 01/20/2023   80.00 01/20/2023 BOOKS Donation
    LCC     NFIC MEDICAL MEDICAL GEN 01/20/2023 Book Aid International 80.00   RB46.5 TUR 92004048542 01/20/2023   80.00 01/20/2023 BOOKS Donation
    LCC     NFIC MEDICAL MEDICAL GEN 01/20/2023 Book Aid International 80.00   RB46.5 TUR 92004049871 01/20/2023   80.00 01/20/2023 BOOKS Donation
    LCC     NFIC MEDICAL MEDICAL GEN 01/20/2023   80.00   RB46.5 TUR 92004048590 01/20/2023   80.00 01/20/2023 BOOKS Donation
    LCC     NFIC Medical Medical GEN 01/20/2023 Book Aid International 80.00   RB46.5 TUR 92004049243 01/20/2023 57395 80.00 01/20/2023 BOOKS Donation
    LCC     NFIC Medical Medical GEN 01/20/2023 Book Aid International 80.00   RB46.5 TUR 92004050127 01/20/2023   80.00 01/20/2023 BOOKS Donation
    LCC     NFIC Medical Medical GEN 01/20/2023 Book Aid International 80.00   RB46.5 TUR 92004049854 01/20/2023   80.00 01/20/2023 BOOKS Donation
    LCC     NFIC Medical Medical GEN 01/20/2023 Book Aid International 80.00   RB46.5 TUR 92004048507 01/20/2023   80.00 01/20/2023 BOOKS Donation
    LCC     NFIC Medical Medical GEN 01/20/2023 Book Aid International 80.00   RB46.5 TUR 92004049371 01/20/2023   80.00 01/20/2023 BOOKS Donation
    LCC     NFIC Medical Medical GEN 09/26/2025 Book Aid International 80.00   RB46.5 TUR 92004055175 09/26/2025 61097 80.00 09/26/2025 BOOKS Donation